| 000 | 00713cam a22002533a 4500 | ||
|---|---|---|---|
| 001 | 35574 | ||
| 003 | PGUSA | ||
| 005 | 20140828083751.0 | ||
| 008 | 110314s2011||||xxu|||||s|||||000 1 eng d | ||
| 040 |
_aPGUSA _beng |
||
| 042 | _adc | ||
| 050 | 4 | _aPS | |
| 100 | 1 |
_aWarner, Anne, _d1869-1913 |
|
| 245 | 1 | 0 |
_aSeeing France with Uncle John _h[electronic resource] / _cAnne Warner |
| 260 |
_bProject Gutenberg, _c2011 |
||
| 506 | _aPublic domain in the USA. | ||
| 516 | _aElectronic text | ||
| 653 | _aTravelers -- Fiction | ||
| 653 | _aFrance -- Fiction | ||
| 700 | 1 |
_aPreston, May Wilson, _d1873-1949 |
|
| 830 | 0 |
_aProject Gutenberg _v35574 |
|
| 856 | 4 | 0 | _uhttp://www.gutenberg.org/ebooks/35574 |
| 942 | _cEB | ||
| 999 |
_c264829 _d264829 |
||